| 000 | 00576aam a2200229 4500 | ||
|---|---|---|---|
| 005 | 20240514140403.0 | ||
| 008 | 150730b1994 xxu||||| |||| 00| 0 spa d | ||
| 020 | _a9977931348 | ||
| 041 | _aESP | ||
| 082 | _a551.6 V297c | ||
| 100 | _aVargas Ulate, Gilbert | ||
| 245 | _aEl clima de Costa Rica: contraste de dos vertientes | ||
| 260 | _aCosta Rica | ||
| 260 | _bEditorial Guayacán | ||
| 260 | _c1994 | ||
| 300 | _a58 páginas | ||
| 650 | _aCLIMATOLOGÍA | ||
| 650 | _aCOSTA RICA | ||
| 650 | _aLLUVIAS | ||
| 650 | _aCIRCULACIÓN ATMOSFÉRICA | ||
| 942 |
_cBK _2ddc |
||
| 999 |
_c382 _d382 |
||